000 00399pab a2200157 454500
008 180718b2013 xxu||||| |||| 00| 0 eng d
100 _aNaicy, V.M.
245 _aStreet children and their anomic behaviour: A socio-structural perusal
260 _c2013
300 _ap.401-416.
362 _aOct-Dec
650 _aStreet children
773 _aSocial Action
908 _aN
909 _a101464
999 _c101462
_d101462